| 000 | 00927nam a2200253 u 4500 | ||
|---|---|---|---|
| 005 | 20210223131913.0 | ||
| 008 | 121024s2007 ea r 000 0 spa d | ||
| 020 | _a0545002311 (10 dígitos) | ||
| 020 | _a9780545002318 (13 dígitos) | ||
| 035 | _aUPN01000187997 | ||
| 049 | _aI | ||
| 050 | 4 |
_aGC21.5 _bB4.2 |
|
| 100 | 1 |
_aBerger, Melvin _931760 |
|
| 245 | 1 | 1 |
_a¿Cómo se forman las olas? : _bpreguntas y respuestas sobre el océano y la vida marina / _cMelvin Berger y Gilda Berger ; tr. Madelca Domínguez ; il. John Rice. |
| 260 |
_aNew York : _bScholastic, _cc2007. |
||
| 300 |
_a48 p. : _bil. col. |
||
| 440 | 0 | _aPreguntas y respuestas de Scholastic | |
| 534 |
_pTítulo original: _tWhat makes an ocean wave |
||
| 650 | 4 |
_aOCEANOGRAFIA - _vLITERATURA JUVENIL _911044 |
|
| 650 | 4 |
_aOCEANO - _vLITERATURA JUVENIL _911145 |
|
| 700 | 1 |
_aBerger, Gilda, _d1935- _ecoaut. _943292 |
|
| 905 | _aInfantil | ||
| 999 |
_c160100 _d160100 |
||